000 00460nam a2200157 i 4500
001 27811
003 ES-MaACL
005 20230906153719.0
007 t|
008 030115s1962 sp ||||1| spa d
100 1 _aBabin, María Teresa.
_924417
245 1 4 _aLas voces de tu voz
_b: (Poemas) /
_cMaría Teresa Babín.
260 _aSantander :
_bLa Isla de los Ratones,
_c1962 (
_fBedia)
300 _a117 p. ;
_c17 cm.
852 _aES-MaACL
_jC-22657
_bR.50723
999 _c27811
_d27811